Historia de las agitaciones campesinas andaluzas (Record no. 56002)

MARC details
000 -LEADER
campo de control de longitud fija 00497nam a2200145 i 4500
001 - NÚMERO DE CONTROL
campo de control 56002
003 - IDENTIFICADOR DE NÚMERO DE CONTROL
campo de control ES-MaACL
007 - CAMPO FIJO DE DESCRIPCIÓN FÍSICA--INFORMACIÓN GENERAL
campo de control de longitud fija t|
008 - DATOS DE LONGITUD FIJA--INFORMACIÓN GENERAL
campo de control de longitud fija 031001s1929 sp ||||1| spa d
100 1# - ENTRADA PRINCIPAL--NOMBRE DE PERSONA
Nombre de persona Díaz del Moral, Juan.
9 (RLIN) 44259
245 10 - MENCIÓN DEL TÍTULO
Título Historia de las agitaciones campesinas andaluzas
Resto del título : Córdoba (antecedentes para una reforma agraria) /
Mención de responsabilidad, etc. por J. Díaz del Moral.
260 ## - PUBLICACIÓN, DISTRIBUCIÓN, ETC.
Lugar de publicación, distribución, etc. Madrid :
Nombre del editor, distribuidor, etc. [s.n.],
Fecha de publicación, distribución, etc. 1929 (
Fabricante Gráfica Universal)
300 ## - DESCRIPCIÓN FÍSICA
Extensión L, 584 p. ;
Dimensiones 22 cm.
852 ## - LOCALIZACIÓN
Ubicación ES-MaACL
Número de control de estantería B-634
Sublocalización o colección R.8316
Holdings
Estatus retirado Estado de pérdida Estado de daño No para préstamo Biblioteca de origen Biblioteca actual Ubicación en estantería Fecha de adquisición Fuente de adquisición Total de préstamos Signatura topográfica completa Código de barras Visto por última vez Precio de reemplazo Tipo de ítem Koha
        Biblioteca del Ateneo de Madrid Biblioteca del Ateneo de Madrid Sala Pardo Bazán 17/01/2008     B-634 1058825 23/02/2023 23/02/2023 Libro impreso